Municipios de la Comunidad Valenciana (con un mapa) - Estadísticas

Estadísticas generales
  • Esta prueba ha sido intentada 188 veces
  • La puntuación promedio es 141 de 542
Respuestas en el mapa
Las respuestas están codificadas por una escala verde-roja en el mapa de la prueba según el % correcto abajo.
 
Estadísticas de respuestas
Respuesta % Correcto
València
98%
Castell de Cabres
94%
Castell de Castells
94%
Castillo de Villamalefa
94%
el Castell de Guadalest
94%
Alacant
92%
la Torre d'en Besora
91%
la Torre d'en Doménec
91%
Torremanzanas
91%
Elche
89%
Benidorm
83%
Dénia
83%
Gandia
82%
Vilar de Canes
82%
Villar del Arzobispo
82%
Castelló
77%
Castelló de Rugat
77%
Castellón de la Plana
77%
Sagunt
74%
Requena
73%
Xàtiva
72%
Orihuela
71%
Torrevieja
71%
Utiel
71%
Benicàssim
70%
Alcoy
69%
Xàbia
69%
Alzira
68%
Calp
66%
Paiporta
66%
Catarroja
65%
Peñíscola
65%
Torrent
65%
Vila-real
64%
Benicarló
63%
Vinaròs
63%
Buñol
62%
Oliva
62%
Cullera
61%
la Vall d'Alcalà
61%
la Vall d'Ebo
61%
la Vall de Gallinera
61%
la Vall de Laguar
61%
la Vall d'Uixó
61%
Paterna
61%
Sueca
61%
Vall d'Alba
61%
Vall de Almonacid
61%
Altea
59%
Burriana
59%
Elda
58%
Santa Pola
58%
Ontinyent
56%
Alboraia
53%
Picassent
53%
Sant Joan d'Alacant
53%
Sant Joan de Moró
53%
Silla
53%
Alfafar
52%
Ibi
52%
la Vila Joiosa
52%
Manises
52%
Onda
52%
Puebla de Arenoso
52%
Puebla de San Miguel
52%
la Pobla de Benifassà
51%
la Pobla de Farnals
51%
la Pobla del Duc
51%
la Pobla de Vallbona
51%
la Pobla Llarga
51%
la Pobla Tornesa
51%
Morella
51%
Villena
51%
Aldaia
50%
Burjassot
50%
Mislata
50%
Ademuz
49%
Petrer
49%
Alcàsser
48%
Guardamar de la Safor
48%
Guardamar del Segura
48%
Novelda
48%
Albal
47%
Algemesí
46%
Carcaixent
45%
Cheste
45%
San Vicente del Raspeig
45%
Benetússer
44%
Massanassa
44%
Oropesa del Mar
44%
Tavernes Blanques
44%
Tavernes de la Valldigna
44%
Chiva
43%
la Font de la Figuera
43%
la Font d'en Carròs
43%
Llíria
43%
Puçol
43%
el Campello
42%
Alaquàs
41%
Bétera
41%
l'Alcúdia
41%
l'Alcúdia de Crespins
41%
Rafal
41%
Crevillent
40%
Fuente la Reina
40%
Riba-roja de Túria
40%
Sedaví
40%
Benissa
39%
Almussafes
38%
Benifaió
38%
Picanya
38%
Quart de Poblet
38%
Segorbe
38%
Xixona
38%
Cocentaina
37%
Montcada
37%
Xirivella
37%
Pilar de la Horadada
36%
Cofrentes
35%
l'Eliana
34%
Godella
33%
l'Alfàs del Pi
33%
l'Alqueria d'Asnar
33%
l'Alqueria de la Comtessa
33%
Almassora
32%
Aspe
32%
Callosa d'en Sarrià
32%
Callosa de Segura
32%
Massamagrell
32%
Xeraco
32%
Nules
31%
Albaida
30%
Ayora
30%
Sax
30%
Torreblanca
30%
Almoradí
29%
Bocairent
29%
Carlet
29%
Moixent
29%
Pego
29%
Almenara
28%
Cox
28%
Real
28%
Siete Aguas
28%
Albalat de la Ribera
27%
Albalat dels Sorells
27%
Albalat dels Tarongers
27%
Canet d'En Berenguer
27%
Canet lo Roig
27%
Foios
27%
la Nucia
27%
Museros
27%
Tibi
27%
Aielo de Malferit
26%
Aielo de Rugat
26%
Alcalà de Xivert
26%
Almàssera
26%
Anna
26%
Cabanes
26%
el Pinós
26%
Rafelbunyol
26%
Teulada
26%
Agost
25%
Alginet
25%
Atzeneta d'Albaida
25%
Atzeneta del Maestrat
25%
Dos Aguas
25%
Mutxamel
25%
Náquera
25%
Ondara
25%
San Antonio de Benagéber
25%
Vilanova d'Alcolea
25%
Villanueva de Viver
25%
el Puig de Santa Maria
24%
Moncofa
24%
Monóvar
24%
Montán
24%
Navarrés
24%
Olocau
24%
Olocau del Rey
24%
Onil
24%
Rojales
24%
Xilxes
24%
Castalla
23%
Chelva
23%
Dolores
23%
Gata de Gorgos
23%
Monforte del Cid
23%
Salinas
23%
San Fulgencio
23%
Tous
23%
Vilafranca
23%
Alfara de la Baronia
22%
Alfara del Patriarca
22%
Altura
22%
Banyeres de Mariola
22%
Catral
22%
Hondón de las Nieves
22%
Hondón de los Frailes
22%
Llocnou de la Corona
22%
Llocnou d'En Fenollet
22%
Llocnou de Sant Jeroni
22%
Montanejos
22%
Rocafort
22%
Torres Torres
22%
Agres
21%
Beniparrell
21%
Biar
21%
Busot
21%
El Toro
21%
Enguera
21%
Finestrat
21%
Godelleta
21%
la Llosa de Ranes
21%
Meliana
21%
Muro de Alcoy
21%
Navajas
21%
San Miguel de Salinas
21%
Sot de Chera
21%
Sot de Ferrer
21%
Xaló
21%
Albatera
20%
Alberic
20%
Alfafara
20%
Barracas
20%
Benferri
20%
Bigastro
20%
Chella
20%
Daimús
20%
Jérica
20%
la Romana
20%
Manuel
20%
Montroy
20%
Turís
20%
Xeresa
20%
Aigües
19%
Alborache
19%
Benimodo
19%
Betxí
19%
Canals
19%
Casinos
19%
Catadau
19%
Chera
19%
Chulilla
19%
Cortes de Arenoso
19%
Cortes de Pallás
19%
Culla
19%
la Granja de la Costera
19%
Quatretondeta
19%
Sant Mateu
19%
Vallada
19%
Xert
19%
Benassal
18%
Benejúzar
18%
Beniarrés
18%
Bicorp
18%
Borriol
18%
Càrcer
18%
Emperador
18%
Gilet
18%
Jalance
18%
Loriguilla
18%
Massalfassar
18%
Montserrat
18%
Polop
18%
Quatretonda
18%
Quesa
18%
Serra
18%
Teresa
18%
Teresa de Cofrentes
18%
Vilafamés
18%
Yátova
18%
Ador
17%
Agullent
17%
Albocàsser
17%
Albuixech
17%
Alfarb
17%
Alfarrasí
17%
Algímia d'Alfara
17%
Algimia de Almonacid
17%
Barx
17%
Benaguasil
17%
Beneixama
17%
Benifairó de la Valldigna
17%
Benifairó de les Valls
17%
Benifallim
17%
Benilloba
17%
Benissanó
17%
Benlloc
17%
Bolbaite
17%
Bonrepòs i Mirambell
17%
Càlig
17%
Calles
17%
Casas Bajas
17%
Catí
17%
Caudiel
17%
Cinctorres
17%
Corbera
17%
Daya Nueva
17%
Daya Vieja
17%
Faura
17%
Fontanars dels Alforins
17%
Formentera del Segura
17%
Gátova
17%
Granja de Rocamora
17%
Guadassuar
17%
Jarafuel
17%
la Jana
17%
l'Alcora
17%
la Llosa
17%
Llanera de Ranes
17%
Llombai
17%
Llutxent
17%
l'Olleria
17%
Los Montesinos
17%
Lucena del Cid
17%
Marines
17%
Massalavés
17%
Millares
17%
Miramar
17%
Montesa
17%
Piles
17%
Rafelguaraf
17%
Redován
17%
Rossell
17%
San Isidro
17%
Santa Magdalena de Pulpis
17%
Sollana
17%
Sumacàrcer
17%
Tuéjar
17%
Venta del Moro
17%
Vilamarxant
17%
Vinalesa
17%
Viver
17%
Aín
16%
Alcosser
16%
Algueña
16%
Almudaina
16%
Alpuente
16%
Alquerías del Niño Perdido
16%
Antella
16%
Ares del Maestrat
16%
Barxeta
16%
Bejís
16%
Benagéber
16%
Beniarbeig
16%
Benigànim
16%
Benijófar
16%
Benimarfull
16%
Benitachell
16%
Bugarra
16%
Camporrobles
16%
Cañada
16%
Casas Altas
16%
el Genovés
16%
el Verger
16%
Forcall
16%
l'Énova
16%
Lorcha
16%
Orxeta
16%
Palmera
16%
Pedreguer
16%
Penàguila
16%
Polinyà de Xúquer
16%
Rafelcofer
16%
Ròtova
16%
Rugat
16%
Traiguera
16%
Zarra
16%
Alcalalí
15%
Alfondeguilla
15%
Beniarjó
15%
Beniflá
15%
Campo de Mirra
15%
Carrícola
15%
Castellfort
15%
Castielfabib
15%
Favara
15%
Jacarilla
15%
les Coves de Vinromà
15%
Macastre
15%
Ráfol de Salem
15%
Riola
15%
Salem
15%
Sant Joanet
15%
Simat de la Valldigna
15%
Soneja
15%
Titaguas
15%
Torrella
15%
Alcoleja
14%
Alfauir
14%
Algar de Palància
14%
Algorfa
14%
Almoines
14%
Andilla
14%
Artana
14%
Benavites
14%
Beneixida
14%
Benillup
14%
Benimuslem
14%
Benirredrà
14%
Castellnovo
14%
Cervera del Maestre
14%
Chóvar
14%
Cotes
14%
Domeño
14%
Eslida
14%
Estivella
14%
Estubeny
14%
Fuenterrobles
14%
Gavarda
14%
la Salzadella
14%
la Vilavella
14%
Llaurí
14%
Orba
14%
Pedralba
14%
Planes
14%
Potries
14%
Relleu
14%
San Jorge
14%
Segart
14%
Sella
14%
Senyera
14%
Vallés
14%
Vallibona
14%
Alcublas
13%
Almiserà
13%
Balones
13%
Bellreguard
13%
Benicull de Xúquer
13%
Benissoda
13%
Cerdà
13%
Cirat
13%
Confrides
13%
els Poblets
13%
Gaianes
13%
Gestalgar
13%
Herbers
13%
Llíber
13%
Losa del Obispo
13%
Montaverner
13%
Otos
13%
Palma de Gandía
13%
Portell de Morella
13%
Quartell
13%
Rotglà i Corberà
13%
San Rafael del Río
13%
Sinarcas
13%
Terrateig
13%
Tollos
13%
Torrebaja
13%
Vallanca
13%
Villalonga
13%
Zorita del Maestrazgo
13%
Zucaina
13%
Alcàntera de Xúquer
12%
Arañuel
12%
Aras de los Olmos
12%
Bèlgida
12%
Bellús
12%
Benasau
12%
Beniatjar
12%
Benimantell
12%
Bufali
12%
Chodos
12%
el Palomar
12%
Fageca
12%
Famorca
12%
Fanzara
12%
Geldo
12%
Gorga
12%
Higueruelas
12%
l'Atzúbia
12%
La Yesa
12%
Parcent
12%
Petrés
12%
Ribesalbes
12%
Sellent
12%
Senija
12%
Tàrbena
12%
Tírig
12%
Vistabella del Maestrat
12%
Alcudia de Veo
11%
Argelita
11%
Ayódar
11%
Benafigos
11%
Benicolet
11%
Benidoleig
11%
Benifato
11%
Benigembla
11%
Benimassot
11%
Bolulla
11%
Caudete de las Fuentes
11%
Figueroles
11%
Gaibiel
11%
Higueras
11%
Matet
11%
Millena
11%
Murla
11%
Novetlè
11%
Palanques
11%
Pinet
11%
Quart de les Valls
11%
Tales
11%
Useras
11%
Villargordo del Cabriel
11%
Almedíjar
10%
Azuébar
10%
Benimeli
10%
Benissuera
10%
el Real de Gandia
10%
Fortaleny
10%
Guadasséquies
10%
la Mata de Morella
10%
Montichelvo
10%
Pina de Montalgrao
10%
Sacañet
10%
Sagra
10%
Sanet y Negrals
10%
Sempere
10%
Sierra Engarcerán
10%
Sueras
10%
Todolella
10%
Toga
10%
Torás
10%
Tormos
10%
Villahermosa del Río
10%
Villamalur
10%
Villores
10%
Benafer
9%
Beniardà
9%
Castellonet de la Conquesta
9%
Costur
9%
Espadilla
9%
Fuentes de Ayódar
9%
la Serratella
9%
Ludiente
9%
Pavías
9%
Torralba del Pinar
9%
Torrechiva
9%
Vallat
9%
el Ràfol d'Almúnia
8%
No se encontraron pruebas coincidentes
Distribución de puntuación
Porcentaje de gente con cada puntuación
Porcentaje por número respondido
Historial de tus puntuaciones
No has intentado esta prueba.